MARC details
| 000 -CABECERA |
| campo de control de longitud fija |
01795nam a2200349 4500 |
| 003 - IDENTIFICADOR DEL NÚMERO DE CONTROL |
| campo de control |
EC-UNACH |
| 005 - FECHA Y HORA DE LA ÚLTIMA TRANSACCIÓN |
| campo de control |
20250929091654.0 |
| 006 - CÓDIGOS DE INFORMACIÓN DE LONGITUD FIJA--CARACTERÍSTICAS DEL MATERIAL ADICIONAL |
| campo de control de longitud fija |
s||||gr|||| 00| 00 |
| 008 - DATOS DE LONGITUD FIJA--INFORMACIÓN GENERAL |
| campo de control de longitud fija |
150116t9999 mx r gr 000 0 spa d |
| 020 ## - NÚMERO INTERNACIONAL ESTÁNDAR DEL LIBRO |
| Número Internacional Estándar del Libro |
978-84-458-2146-6 |
| 040 ## - FUENTE DE LA CATALOGACIÓN |
| Centro catalogador/agencia de origen |
EC-UNACH |
| Centro/agencia transcriptor |
EC-UNACH |
| 041 ## - CÓDIGO DE LENGUA |
| Código de lengua del texto/banda sonora o título independiente |
spa |
| 082 04 - NÚMERO DE LA CLASIFICACIÓN DECIMAL DEWEY |
| Número de edición |
23 |
| Número de clasificación |
613.62 |
| Número de documento/Ítem |
L011206 |
| 110 ## - ENTRADA PRINCIPAL--NOMBRE DE ENTIDAD CORPORATIVA |
| Nombre de entidad corporativa o nombre de jurisdicción como elemento de entrada |
ELSEVIER MASSON |
| 245 ## - MENCIÓN DE TÍTULO |
| Título |
Salud laboral. Conceptos y Técnicas para la prevención de riesgos laborales |
| 250 ## - MENCIÓN DE EDICIÓN |
| Mención de edición |
Cuarta Edición |
| 264 ## - Producción, publicación, distribución, fabricación y copyright |
| Lugar de producción, publicación, distribución, fabricación |
Barcelona - España |
| Nombre del de productor, editor, distribuidor, fabricante |
Elsevier |
| Fecha de de producción, publicación, distribución, fabricación o copyright |
2013 |
| 300 ## - DESCRIPCIÓN FÍSICA |
| Extensión |
496 páginas |
| Otras características físicas |
Figuras, Tablas |
| Dimensiones |
27,5 x 21.5 cm |
| 505 ## - NOTA DE CONTENIDO CON FORMATO |
| Nota de contenido con formato |
PARTE I -- FUNDAMENTOS -- 1. La salud y sus determinantes -- 2. Trabajo y salud -- 3. Salud laboral -- 4. La ocupación como factor de desigualdad en salud -- 5. La ética en el ejercicio profesional de la salud laboral -- PARTE II -- ORGANIZACIÓN Y MARCO JURÍDICO -- 6. Marco jurídico, obligaciones principales y responsabilidades en materia de seguridad y salud laboral -- 7. Coordinación de actividades preventivas: el reparto de obligaciones entre las empresas concurrentes -- 8. Aseguramiento y prevención de los riesgos laborales -- 9. Organismos públicos con competencias en salud laboral -- 10. Organización de la prevención en la empresa -- 11. Gestión de la prevención -- 12. Buena práctica profesional en prevención de riesgos laborales.<br/><br/> |
| 650 ## - PUNTO DE ACCESO ADICIONAL DE MATERIA--TÉRMINO DE MATERIA |
| Término de materia o nombre geográfico como elemento inicial |
PREVENCIÓN DE RIESGOS LABORALES |
| 650 ## - PUNTO DE ACCESO ADICIONAL DE MATERIA--TÉRMINO DE MATERIA |
| Término de materia o nombre geográfico como elemento inicial |
SEGURIDAD Y SALUD LABORAL |
| 650 ## - PUNTO DE ACCESO ADICIONAL DE MATERIA--TÉRMINO DE MATERIA |
| Término de materia o nombre geográfico como elemento inicial |
ORGANISMOS PÚBLICOS |
| 700 ## - PUNTO DE ACCESO ADICIONAL--NOMBRE DE PERSONA |
| Nombre de persona |
Ruiz-Frutos, Carlos |
| 700 ## - PUNTO DE ACCESO ADICIONAL--NOMBRE DE PERSONA |
| Nombre de persona |
Delclós, Jordi |
| 700 ## - PUNTO DE ACCESO ADICIONAL--NOMBRE DE PERSONA |
| Nombre de persona |
Ronda, elena |
| 700 ## - PUNTO DE ACCESO ADICIONAL--NOMBRE DE PERSONA |
| Nombre de persona |
Benavides, Fernando |
| 942 ## - ELEMENTOS DE PUNTO DE ACCESO ADICIONAL (KOHA) |
| Fuente del sistema de clasificación o colocación |
Clasificación Decimal Dewey |
| Tipo de ítem Koha |
Libros |
| 999 ## - NÚMEROS DE CONTROL DE SISTEMA (KOHA) |
| Koha biblionumber |
13908 |